Statystyki dla Wymień 18 dzielnic w Warszawie.

Kliknij tutaj aby rozwiązać quiz!

Ogólne statystyki

  • Ten quiz został rozwiązany 128 razy
  • Średni wynik to 13 z 18

Statystyki odpowiedzi

Pierwsza literaOdpowiedź% Poprawnych
MMokotów
87%
BBemowo
86%
PPraga Północ
86%
PPraga Południe
86%
ŚŚródmieście
86%
UUrsynów
86%
ŻŻoliborz
85%
OOchota
76%
WWola
75%
UUrsus
70%
BBiałołęka
69%
BBielany
69%
WWilanów
68%
WWłochy
66%
RRembertów
60%
TTargówek
60%
WWawer
58%
WWesoła
45%

Rozkład punktacji

Percentyl według liczby udzielonych odpowiedzi

Procent ludzi z każdym wynikiem

Twoja historia wyników

Nie rozwiązałeś tego quizu